Chính sách công của Hoa Kỳ Giai đoạn 1935-2001

Kaydedildi:
Detaylı Bibliyografya
Yazar: Lê Vinh Danh
Materyal Türü: Kitap
Dil:Undetermined
Baskı/Yayın Bilgisi: Hà Nội Thống kê 2001
Etiketler: Etiketle
Etiket eklenmemiş, İlk siz ekleyin!
Thư viện lưu trữ: Trung tâm Học liệu Trường Đại học Cần Thơ
LEADER 00545nam a2200193Ia 4500
001 CTU_44269
008 210402s9999 xx 000 0 und d
020 |b 128.000đ 
082 |a 351.73 
082 |b D107/2001 
100 |a Lê Vinh Danh 
245 0 |a Chính sách công của Hoa Kỳ 
245 0 |b Giai đoạn 1935-2001 
245 0 |c Lê Vinh Danh 
260 |a Hà Nội 
260 |b Thống kê 
260 |c 2001 
904 |i Nguyễn Quang Điền, 011006 
980 |a Trung tâm Học liệu Trường Đại học Cần Thơ